1640 1234 1645 1244 1216 1120 1807 1392 1169 1784 1893 1815 1911 1430 1795 1893 1860 1843 1378 1166 1297 1488 1011 1422 1882 1218 1874 1044 1460 1430 1004 1688 1449 1368 1619 1422 1822 1018 1790 1014 1647 1447 1265 1305 1965 1979 1056 1833 1198 1333 1736 1732 1666 1390 1192 1127 1637 1359 1065 1626 1399 2000 1272 1962 1033 1287 1050 1326 1770 1171 1120 1801 1874 1659 1824 1970 1889 1679 1802 1631 1935 1605 1937 1701 1648 1667 1171 1526 1627 1984 1468 1674 1923 1518 1994 1560 1066 1914 1096 BCNSPRNW ULIB Ver.6.0+V

เปลี่ยนเป็นภาษาไทย

Change to English
 แสดงรายละเอียดบรรณานุกรม
  กลับหน้าหลัก

Brief Record : Get Marc (ISO 2709) : E-mail record : QR code < ปิดหน้าต่าง
LEADER : 00000nas 2200000uu 4500
001    13399122401
003     ULIB
008    020711s|||| th a 000 0 tha d
022    08591083
110    สำนักงานป้องกันควบคุมโรคที่ 5
245    วารสารวิชาการ สำนักงานป้องกันควบคุมโรคที่ 5 จังหวัดนครราชสีมา (วิทยาเขตนครสวรรค์)/^cสำนักงานป้องกันควบคุมโรคที่ 5
260    นครราชสีมา :^bสำนักงานป้องกันควบคุมโรคที่ 5
310    ^aรายสี่เดือน
850    ^aปีที่ 19 ฉบับที่ 1;ปีที่ 19 ฉบับที่ 2;ปีที่ 18 ฉบับที่ 2;ปีที่ 18 ฉบับที่ 3
945    ^p0^l0^i800446
945    ^p0^l0^i800638
945    ^p0^l0^i902013
945    ^p0^l0^i902014
999    ^aทศพร เกษรทอง
รายการนี้ยังไม่มีแท็ก
คุณยังไม่ได้ล็อกอิน คุณสามารถมีกิจกรรมร่วมกับเว็บไซต์ได้ แต่ต้องล็อกอินก่อน ::
  ล็อกอิน

รายการสื่อสารสนเทศ (วารสาร)

ดูแบบ: กล่อง รายการ
ARRIVED
ปีที่ 18 ฉบับที่ 2
สถานที่: ห้องสมุดวิทยาเขตสวรรค์ประชารักษ์ >วารสาร
ARRIVED
ปีที่ 18 ฉบับที่ 3
สถานที่: ห้องสมุดวิทยาเขตสวรรค์ประชารักษ์ >วารสาร
ARRIVED
ปีที่ 19 ฉบับที่ 1
สถานที่: ห้องสมุดวิทยาเขตสวรรค์ประชารักษ์ >วารสาร
ARRIVED
ปีที่ 19 ฉบับที่ 2
สถานที่: ห้องสมุดวิทยาเขตนครสวรรค์ >วารสาร

BibComment


ยังไม่เคยถูกคอมเมนท์

คอมเมนท์ทรัพยากรรายการนี้
  คอมเมนท์: วารสารวิชาการ สำน..


 Copyright 2026. Bcnsprnw @Library